Prospects for Jamaica's Political Economy
En el documento se discuten los prospectos de la actual economía política de Jamaica, utilizando el término 'economía política' precisamente por la intervención del gobierno y la lucha política experimentada. Se fundamenta en la istoria pasada del país (colonialismo, neo-colonialismo, expl...
保存先:
| 第一著者: | |
|---|---|
| フォーマット: | テキスト |
| 出版事項: |
Kingston:
Friedrich Ebert Stiftung
|
| 主題: | |
| タグ: |
タグ追加
タグなし, このレコードへの初めてのタグを付けませんか!
|
MARC
| LEADER | 00000 a a2200000 04500 | ||
|---|---|---|---|
| 001 | 13089 | ||
| 003 | |||
| 040 | |||
| 090 | |a 018700 | ||
| 100 | |a Girvan, Norman P. | ||
| 245 | |a Prospects for Jamaica's Political Economy | ||
| 260 | |a Kingston: |b Friedrich Ebert Stiftung | ||
| 300 | |a 27 p. | ||
| 520 | |a En el documento se discuten los prospectos de la actual economía política de Jamaica, utilizando el término 'economía política' precisamente por la intervención del gobierno y la lucha política experimentada. Se fundamenta en la istoria pasada del país (colonialismo, neo-colonialismo, explotación de la bauxita), para realizar el análisis retrospectivo. En el trabajo comenta sobre la distribución de los ingresos, la experiencia del gobierno del Partido Nacional Popular desde 1970, de los adelantos ocurridos (procesos de desarrollo, acumulación de capital) y los retrocesos. También analiza el papel de la tierra, la bauxita, la energía y otros recursos en la política económica, actual y pasada, de Jamaica. FH/mb | ||
| 650 | |a CONDICIONES ECONOMICAS | ||
| 650 | |a ESTRUCTURA ECONOMICA | ||
| 650 | |a POLITICA ECONOMICA | ||
| 650 | |a HISTORIA ECONOMICA | ||
| 650 | |a DISTRIBUCION DEL INGRESO | ||
| 650 | |a DESARROLLO ECONOMICO Y SOCIAL | ||
| 650 | |a DESARROLLO POLITICO | ||
| 650 | |a MACROECONOMIA | ||
| 650 | |a POTENCIAL DE LA TIERRA | ||
| 650 | |a BAUXITA | ||
| 650 | |a POLITICA GUBERNAMENTAL | ||
| 999 | |c 14285 |d 14285 | ||
